000 01144cam a2200229 4500
001 ABS63705
008 000000n2001 000 0 eng u
035 _a(Sirsi) u111482
100 _aStewart, J.
245 _aHousing risk to euro membership
260 _c2001
490 _aHouseBuilder
_vMarch 2001, 8-9(2)
520 _aConsiders what euro membership would mean for Britain's housebuilders. Looks at the potential effect of Britain's loss of control over interest rates. Warns that the risks to economic stability from the worsening gap between housing need and supply should be a key concern in the euro membership debate. Stresses there is a need to focus on, and consider, the long term issues, like housing supply. Stewart's analysis of economic and housing market trends is published monthly in Housing Market Report. For subscription enquiries tel: 0151 357 7707.
590 _aABS
650 _aEUROPEAN MONETARY UNION
650 _aHOUSE BUILDERS
650 _aUNITED KINGDOM
650 _aEUROPE
650 _aIMPLICATIONS
690 _aPROPERTY-RESIDENTIAL PROPERTY-RESIDENTIAL PROPERTY MARKET
942 _n0
999 _c66427
_d66427